| 000 | 01291nam a22003257a 4500 | ||
|---|---|---|---|
| 999 |
_c14082 _d14082 |
||
| 003 | EG-ScBUE | ||
| 005 | 20210926115932.0 | ||
| 008 | 100614s2002 ua a f b 00 0 ara d | ||
| 017 | _a2001/5662 | ||
| 020 | _a9770433659 | ||
| 040 |
_aEG-ScBUE _bara _erda _cEG-ScBUE _dEG-ScBUE |
||
| 082 | 0 | 4 |
_a659.1 _bع ط ي _222 |
| 100 | 1 |
_aعطية، طاهر مرسي، _eمؤلف. _913672 |
|
| 245 | 1 | 0 |
_aفن الإعلان وترويج المبيعات / _cدكتور طاهر مرسي عطية، أستاذ إدارة الأعمال كلية التجارة - بورسعيد، جامعة قناة السويس. |
| 264 | 1 |
_aالقاهرة : _bدار النهضة العربية، _c[2002] |
|
| 300 |
_a332 صفحة : _bإيضاحيات ; _c23 سم |
||
| 336 |
_2rdacontent _aنص _btxt |
||
| 337 |
_2rdamedia _aبدون وسيط _bn |
||
| 338 |
_2rdacarrier _aمجلد _bnc |
||
| 504 | _aيشتمل على إرجاعات ببليوجرافية. | ||
| 541 | _cDonation. | ||
| 650 | 7 |
_914738 _aالإعلان. _2BUEsh |
|
| 650 | 7 |
_914739 _aالتسويق. _2BUEsh |
|
| 650 | 7 |
_914740 _aالحملات الإعلانية. _2BUEsh |
|
| 650 | 7 |
_914741 _aالدعاية. _2BUEsh |
|
| 651 | 7 | _2BUEsh | |
| 653 | 7 |
_aBUEsh _bBUSADM _cSeptember2021 |
|
| 655 | 7 |
_2BUEsh _vReading book _934232 |
|
| 942 |
_2ddc _cBB |
||